|
|
|
|
| LEADER |
00000cam a2200000 7i4500 |
| 001 |
0000014350 |
| 005 |
20071210.0 |
| 040 |
|
|
|a INS
|
| 090 |
0 |
0 |
|a J 61
|
| 245 |
0 |
0 |
|a Kursus Kadaran
|c Institut penilaian Negara
|
| 300 |
|
|
|a Mukasural pelbagai :
|b ill. ;
|c 29cm.
|
| 500 |
|
|
|a Kursus bertarikh 04 - 08 Februari 2002
|
| 650 |
0 |
0 |
|a Kadaran
|
| 856 |
|
|
|u http://app.inspen.gov.my:7779/pls/portal/docs/PAGE/CORPORATEPAGES/PORTAL_INSPEN/NOTA_KURSUS/JJ/AJ)%20NOTA%20KURSUS%20KURSUS%20KADARAN.PDF
|
| 999 |
|
|
|a J000000095
|b BOOK
|c Course Notes
|e Default branch
|
| 999 |
|
|
|a J000000137
|b BOOK
|c Course Notes
|e Default branch
|
| 999 |
|
|
|a J00000095
|b BOOK
|c Course Notes
|e Default branch
|